| 000 | 00609nam a22002051a 4500 | ||
|---|---|---|---|
| 001 | 1799 | ||
| 003 | OSt | ||
| 005 | 20260204211747.0 | ||
| 008 | 040122s1999||||dr ||||||b||||||||||spa|| | ||
| 020 | _a9768156341 | ||
| 050 | _aRDR 036.7293 E56d | ||
| 082 | _aRRD 036.7293 E56d | ||
| 245 | _aEnciclopedia Dominicana | ||
| 250 | _a5 | ||
| 264 | _aSanto Domingo : Enciclopedia Dominicana | ||
| 300 | _a8. Tomos | ||
| 505 | _aTomo 1. desde la letra A-BRIT.2 BUC-D T.3 E-HER T.4 HE-MON T.5 MON-PET T.6 PET-SAN T.7 SAN T.8 SAN-Z T.9 Antología | ||
| 650 | _a1.Enciclopedia DominicanaÌ | ||
| 942 |
_2ddc _cBK |
||
| 999 |
_c1799 _d1799 |
||